1918 1823 1665 1422 1881 1354 1192 1108 1854 1460 1310 1173 1251 1775 1879 1798 1916 1977 1325 1405 1399 1795 1018 1300 1276 1511 1264 1486 1690 1608 1607 1366 1026 1103 1741 1557 1268 1732 1255 1159 1792 1117 1354 1573 1865 1614 1587 1995 1322 1964 1606 1202 1873 1161 1966 1659 1991 1815 1379 1390 1569 1716 1985 1769 1809 1369 1253 1289 1506 1254 1772 1229 1690 1107 1431 1313 1502 1156 1740 1793 1657 1963 1734 1037 1703 1711 1205 1236 1985 1964 1842 1416 1305 1831 1497 1592 1786 1065 1808 BCNSPRNW ULIB Ver.6.0+V

เปลี่ยนเป็นภาษาไทย

Change to English
 แสดงรายละเอียดบรรณานุกรม
  กลับหน้าหลัก

Brief Record : Get Marc (ISO 2709) : E-mail record : QR code < ปิดหน้าต่าง
LEADER : 00000nam 2200000uu 4500
001    13399110937
003     ULIB
008    110613s||||||||th 000 0 tha d
020    9749183320
050  4 AC158^bร477ด 2004
100    ริชาร์ด มีด
245    เด็กๆรู้ไหมทำไมโทรศัพท์ดังกริ๊งกร๊าง /^cผู้แต่ง ริชาร์ด มีด
260    กรุงเทพฯ : ^bโกรเลียร์ อินเตอร์เนชั่นแนล, ^c2004
300    32 หน้า : ^bภาพประกอบสี ; ^c28 ซม.
650  7 ความรู้รอบตัว
650  7 ธงชาติ
945    ^p350^l0^i029029
995    ทศพร
999 ^a ใช้งานได้ทุกระบบ
รายการนี้ยังไม่มีแท็ก
คุณยังไม่ได้ล็อกอิน คุณสามารถมีกิจกรรมร่วมกับเว็บไซต์ได้ แต่ต้องล็อกอินก่อน ::
  ล็อกอิน

รายการสื่อสารสนเทศ

ลำดับที่ ประเภท เลขเรียก/บาร์โค้ด สถานที่ สถานะ
- ไม่พบข้อมูล -

รายการใกล้เคียง
    หัวเรื่อง [ความรู้รอบตัว]
    หัวเรื่อง [ธงชาติ]

BibComment


ยังไม่เคยถูกคอมเมนท์

คอมเมนท์ทรัพยากรรายการนี้
  คอมเมนท์: เด็กๆรู้ไหมทำไมโท..


 Copyright 2026. Bcnsprnw @Library